Discovery Techniques A Practical Guide to the Discovery Process in Civil Actions /

Bibliographic Details
Main Author: Hollander, John
Format: eBook
Language:English
Published: Toronto: Irwin Law Inc., 2013
Subjects:
Online Access:Acceso restringido

MARC

LEADER 00000nam a22000007a 4500
005 20210809230723.0
007 cr|||| |||
008 210809s2013 ca |||||s|||| 00||0 eng d
020 |a 9781552213230 
035 |a 34919 
040 |a vLex 
090 |c 11943  |d 11943 
100 1 |a Hollander, John 
245 1 0 |a Discovery Techniques  |h [Recurso electrn̤ico] :  |b A Practical Guide to the Discovery Process in Civil Actions /  |c John Hollander 
256 |a Servicio en ln̕ea 
260 |a Toronto:  |b Irwin Law Inc.,  |c 2013 
300 |a 1 recurso electrn̤ico 
500 |a The discovery process is an opportunity for litigators to better serve their clients. This handbook examines various issues that arise during the discovery process; focuses the reader on questions and topics that allow improvement in performance; and offers examples and exercises that demonstrate best practices, common errors, and methods to deal with difficult situations. 
506 1 |a Disponible solo en los productos indicados  |d vLex Global  |d vLex Global (Academic Edition, excluding Law Schools)  |d vLex Global (U.S. Academic Edition, Law Schools)  |d vLex Global (U.S. Academic Edition, excluding Law Schools)  |d vLex Global (Academic Edition, Law Schools) 
650 0 4 |a Derecho Civil  |z Canad̀ 
650 0 4 |a Abogados  |z Canad̀ 
740 0 |a vLex Libros (Servicio en ln̕ea) 
856 4 0 |u https://app.vlex.com/#/sources/34919  |z Acceso restringido 
942 |c BOOK 
999 0 |a Civil Law 
999 0 |a Lawyers